[Event "Leon 17th"]
[Site "Leon"]
[Date "2004.06.05"]
[Round "1.3"]
[White "Shirov, Alexei"]
[Black "Radjabov, Teimour"]
[Result "1-0"]
[WhiteElo "2713"]
[BlackElo "2670"]
[PlyCount "104"]
[EventDate "2004.06.04"]
[EventType "k.o. (rapid)"]
[EventRounds "2"]
[EventCountry "ESP"]
[Source "ChessBase"]
[SourceDate "2004.09.23"]

1. e4 e6 2. d4 d5 3. Nc3 Nf6 4. e5 Nfd7 5. f4 c5 6. Nf3 Nc6 7. Be3 cxd4 8. Nxd4
Bc5 9. Qd2 O-O 10. O-O-O a6 11. Qf2 Bxd4 12. Bxd4 b5 13. Be3 b4 14. Ne2 a5 15.
Nd4 Nxd4 16. Bxd4 Ba6 17. Kb1 Qc7 18. h4 Rfc8 19. h5 Nc5 20. Bxc5 Qxc5 21. Qxc5
Rxc5 22. g3 Bxf1 23. Rhxf1 Rac8 24. Rf2 Rc4 25. Re2 Kf8 26. Rd3 Ke7 27. a3 Rb8
28. Ka2 a4 29. axb4 Rcxb4 30. c3 Rb3 31. Rc2 R3b5 32. Rd4 Ra8 33. Rb4 Rxb4 34.
cxb4 Kd7 35. Ka3 Rc8 36. Rc3 Rc7 37. b5 Kc8 38. Kxa4 Kb7 39. Ka5 Rc8 40. b6 Kb8
41. Ka6 Rd8 42. Rc7 d4 43. Rb7+ Ka8 44. Ra7+ Kb8 45. b4 d3 46. b7 Kc7 47. b5
Rd4 48. b6+ Kc6 49. b8=N+ Kc5 50. Rc7+ Kd5 51. Rc1 d2 52. Rd1 Ke4 1-0

[Event "Leon 17th"]
[Site "Leon"]
[Date "2004.06.05"]
[Round "1.5"]
[White "Shirov, Alexei"]
[Black "Radjabov, Teimour"]
[Result "0-1"]
[WhiteElo "2713"]
[BlackElo "2670"]
[PlyCount "64"]
[EventDate "2004.06.04"]
[EventType "k.o. (rapid)"]
[EventRounds "2"]
[EventCountry "ESP"]
[Source "ChessBase"]
[SourceDate "2004.09.23"]

1. e4 c5 2. Nf3 Nc6 3. Bb5 g6 4. Bxc6 dxc6 5. d3 Bg7 6. h3 b6 7. O-O Nh6 8. Bd2
f6 9. e5 O-O 10. exf6 exf6 11. Bc3 Nf7 12. Nbd2 Nd6 13. b3 Be6 14. Re1 Qd7 15.
Nc4 Nf5 16. Qd2 Bd5 17. Nh2 Bh6 18. Ne3 Nxe3 19. fxe3 Rae8 20. Qf2 f5 21. Re2
Bg7 22. Bxg7 Qxg7 23. Rae1 a5 24. Qf4 g5 25. Qg3 h6 26. h4 Rf6 27. hxg5 hxg5
28. Rf1 f4 29. Qe1 Ref8 30. Ng4 Rg6 31. exf4 gxf4 32. Re7 Qd4+ 0-1

[Event "EUCup 20th"]
[Site "Izmir"]
[Date "2004.10.06"]
[Round "4"]
[White "Bocharov, Dmitry"]
[Black "Radjabov, Teimour"]
[Result "0-1"]
[WhiteElo "2574"]
[BlackElo "2663"]
[PlyCount "67"]
[EventDate "2004.10.03"]
[EventType "team"]
[EventRounds "7"]
[EventCountry "TUR"]
[Source "ChessBase"]
[SourceDate "2005.01.27"]

1. d4 Nf6 2. Nf3 g6 3. c4 Bg7 4. g3 O-O 5. Bg2 d6 6. O-O Nc6 7. Nc3 Bg4 8. d5
Na5 9. Nd2 c5 10. Qc2 a6 11. h3 Bd7 12. b3 b5 13. Bb2 Rb8 14. Nd1 e5 15. e3 Nh5
16. g4 Nf6 17. Bc3 Ne8 18. f4 exf4 19. exf4 f5 20. g5 Bxc3 21. Qxc3 Ng7 22. Bf3
bxc4 23. bxc4 Nb7 24. Rb1 Qc7 25. Nf2 Rbe8 26. Qb3 Bc8 27. Qb6 Qf7 28. Rfe1 a5
29. Qc6 Re7 30. Rxe7 Qxe7 31. Nf1 Qd8 32. a4 Qd7 33. Rb3 Nd8 34. Qb5 0-1

[Event "Calvia ol (Men)"]
[Site "Mallorca"]
[Date "2004.10.25"]
[Round "10"]
[White "Georgiev, Kiril"]
[Black "Radjabov, Teimour"]
[Result "1-0"]
[WhiteElo "2625"]
[BlackElo "2663"]
[PlyCount "115"]
[EventDate "2004.10.15"]
[EventType "team"]
[EventRounds "14"]
[EventCountry "ESP"]
[Source "ChessBase"]
[SourceDate "2005.01.27"]

1. d4 Nf6 2. c4 g6 3. Nf3 Bg7 4. g3 c6 5. Nc3 O-O 6. Bg2 d5 7. cxd5 cxd5 8. Ne5
e6 9. O-O Nfd7 10. f4 Nc6 11. Be3 f6 12. Nf3 Nb6 13. Bf2 f5 14. e3 Bd7 15. h3
Nc4 16. b3 Nd6 17. g4 Ne4 18. Nxe4 dxe4 19. Ne5 Nxe5 20. dxe5 Bb5 21. Qxd8
Rfxd8 22. Rfc1 Bf8 23. a4 Bc6 24. Bf1 Be7 25. Be1 Kf7 26. Bc4 Rac8 27. Kf1 Bd5
28. Bxd5 exd5 29. Bc3 Bc5 30. Bd4 Bxd4 31. exd4 g5 32. fxg5 fxg4 33. hxg4 Kg6
34. Ke2 Kxg5 35. a5 Rf8 36. Rxc8 Rxc8 37. Rf1 Kxg4 38. Rg1+ Kf4 39. Rf1+ Kg3
40. Rg1+ Kf4 41. Rf1+ Kg3 42. e6 Re8 43. Rf5 Rxe6 44. Rxd5 Re7 45. Re5 Rc7 46.
Ke3 Rc3+ 47. Kxe4 Rxb3 48. d5 Rb4+ 49. Kf5 h5 50. Re3+ Kg2 51. d6 Rd4 52. Ke5
Rd1 53. Re4 b5 54. Rd4 Re1+ 55. Kd5 Re8 56. d7 Rd8 57. Kc6 Kg3 58. Kxb5 1-0

[Event "EU-ch 6th"]
[Site "Warsaw"]
[Date "2005.06.28"]
[Round "10"]
[White "Radjabov, Teimour"]
[Black "Beliavsky, Alexander G"]
[Result "1/2-1/2"]
[WhiteElo "2673"]
[BlackElo "2630"]
[PlyCount "91"]
[EventDate "2005.06.18"]
[EventType "swiss"]
[EventRounds "13"]
[EventCountry "POL"]
[Source "ChessBase"]
[SourceDate "2005.07.12"]

1. e4 e5 2. Nf3 Nc6 3. d4 exd4 4. Nxd4 Bc5 5. Be3 Qf6 6. c3 Nge7 7. g3 h5 8. h3
h4 9. g4 Ng6 10. Qd2 Nce5 11. Be2 Bxd4 12. cxd4 Nf3+ 13. Bxf3 Qxf3 14. Rh2 Qxe4
15. f4 O-O 16. f5 Re8 17. Kf2 Nf8 18. Nc3 Qc6 19. d5 Qa6 20. a4 b5 21. Nxb5 Rb8
22. Rhh1 Re4 23. Rhe1 Rxa4 24. Rxa4 Qxa4 25. Nc3 Qc4 26. Bxa7 Rb3 27. Re4 Qa6
28. Bd4 Qd6 29. Ke1 Ba6 30. Kd1 Rb8 31. Kc1 f6 32. g5 Nh7 33. g6 Ng5 34. Re3
Bc4 35. Ba7 Ra8 36. Qd4 Qa6 37. Qc5 Bb3 38. Kd2 Qf1 39. Nb5 Qd1+ 40. Kc3 Bxd5
41. Nxc7 Qc1+ 42. Kb4 Qxb2+ 43. Ka5 Qa2+ 44. Kb4 Qb2+ 45. Ka5 Qa2+ 46. Kb4
1/2-1/2

[Event "Turin ol (Men) 37th"]
[Site "Turin"]
[Date "2006.05.30"]
[Round "9"]
[White "Radjabov, Teimour"]
[Black "Shirov, Alexei"]
[Result "1-0"]
[WhiteElo "2717"]
[BlackElo "2699"]
[PlyCount "79"]
[EventDate "2006.05.21"]
[EventType "team"]
[EventRounds "13"]
[EventCountry "ITA"]
[Source "ChessBase"]
[SourceDate "2006.07.31"]
[WhiteTeam "AZE"]
[BlackTeam "ESP"]
[WhiteTeamCountry "AZE"]
[BlackTeamCountry "ESP"]

1. e4 e5 2. Nf3 Nc6 3. Bb5 a6 4. Bxc6 dxc6 5. O-O Bg4 6. h3 h5 7. d3 Qf6 8.
Nbd2 Ne7 9. Re1 Be6 10. Nb3 Bxb3 11. axb3 c5 12. c3 Nc6 13. b4 cxb4 14. d4 exd4
15. Bg5 Qd6 16. cxd4 Be7 17. d5 Ne5 18. Bf4 f6 19. Nd4 Kf7 20. Qb3 g6 21. Rad1
Kg7 22. Bh2 Qb6 23. Kh1 a5 24. f4 a4 25. Qc2 b3 26. Qe2 Nd7 27. e5 f5 28. Bg1
Qa5 29. Qc4 Bh4 30. Re3 Rac8 31. Rc3 Rhe8 32. Ne6+ Kh6 33. Nxc7 Bd8 34. d6 Bxc7
35. dxc7 Re7 36. Rd6 a3 37. Rg3 Nf8 38. Qg8 Rg7 39. Qh8+ Rh7 40. Qxf8+ 1-0

[Event "Biel GM"]
[Site "Biel"]
[Date "2006.07.30"]
[Round "6"]
[White "Volokitin, Andrei"]
[Black "Radjabov, Teimour"]
[Result "1/2-1/2"]
[WhiteElo "2662"]
[BlackElo "2728"]
[PlyCount "57"]
[EventDate "2006.07.24"]
[EventType "tourn"]
[EventRounds "10"]
[EventCountry "SUI"]
[EventCategory "17"]
[Source "ChessBase"]
[SourceDate "2006.10.02"]

1. e4 c5 2. Nf3 Nc6 3. d4 cxd4 4. Nxd4 Nf6 5. Nc3 e5 6. Ndb5 d6 7. Bg5 a6 8.
Na3 b5 9. Nd5 Be7 10. Bxf6 Bxf6 11. c3 Bg5 12. Nc2 O-O 13. a4 bxa4 14. Rxa4 a5
15. Bc4 Bd7 16. O-O Nb4 17. Ra3 Rc8 18. cxb4 axb4 19. Ra6 Rxc4 20. Rxd6 b3 21.
Nce3 Rd4 22. Qxb3 Qc8 23. Qc2 Be6 24. Rc6 Qb8 25. Rb1 Bxe3 26. Nxe3 Rfd8 27. b3
Qb4 28. Nc4 Qb7 29. Ne3 1/2-1/2